| 000 | 00766nam a2200193 i 4500 | ||
|---|---|---|---|
| 001 | 99226 | ||
| 003 | ES-MaACL | ||
| 005 | 20250810093053.0 | ||
| 007 | t| | ||
| 008 | 050906s1912 sp ||||1| spa d | ||
| 100 | 1 |
_aMartín Lázaro, Antonio. _977536 |
|
| 245 | 1 | 3 |
_aEl menor en el derecho penal : _btesis del doctorado / _cAntonio Martín Lázaro. |
| 260 |
_aMadrid : _b[s.n.], _c1912 ( _fImp. del Patronato de Huérfanos de Intendencia e Intervención Militares) |
||
| 300 |
_a63 p. ; _c22 cm. |
||
| 650 | 7 |
_aAdministración de justicia de menores _2embne _9143338 |
|
| 710 | 2 |
_aPatronato de Huérfanos de Intendencia e Intervención Militares. _96172 |
|
| 852 |
_aES-MaACL _jT-1331-F-2 _z- Dedicatoria autógrafa del autor |
||
| 999 |
_c99226 _d99226 |
||